| 000 | 00624nam a22002177a 4500 | ||
|---|---|---|---|
| 942 | _cBK | ||
| 999 |
_c588 _d588 |
||
| 005 | 20250420134817.0 | ||
| 008 | 200810b ||||| |||| 00| 0 eng d | ||
| 020 | _a9781292101859 | ||
| 040 | _cKCST | ||
| 082 |
_a005.74 _bHo Mo |
||
| 100 |
_aHoffer, Jeffrey A. _95001 |
||
| 245 |
_aModern database management / _cJeffrey A Hoffer; V Ramesh; Heikki Topi |
||
| 250 |
_a12th edition _bGlobal edition |
||
| 260 |
_aHarlow, Essex, England : _bPearson, _c2016. |
||
| 300 | _a597 p. | ||
| 650 |
_aDatabase management. _95002 |
||
| 700 |
_aMary B., Prescott _95003 |
||
| 700 |
_aHeikki, Topi _95004 |
||
| 942 | _2ddc | ||